000
00298pam a2200133 a 4500
020
_c
041
_h
082
_a
751.422
_b
PET
100
_a
Kolan Peterson.
245
_a
How to draw special efforts in
_h
Textual Documents
250
_a
1998.
260
_a
Pune:
_b
Walter Foster.
930
_a
10
999
_c
233800
_d
233800